La Gran revolución de octubre y la lucha de liberación de los pueblos

Guardado en:
Bibliografiske detaljer
Format: Texto
Udgivet: La Habana: Editora Política
Tags: Tilføj Tag
Ingen Tags, Vær først til at tagge denne postø!

MARC

LEADER 00000 a a2200000 04500
001 23860
003
040
090 |a 168900  
245 |a La Gran revolución de octubre y la lucha de liberación de los pueblos  
260 |a La Habana:   |b Editora Política  
300 |a 491 p  
999 |c 8848  |d 8848